Quizz - Harry Potter et la Chambre des Secrets - Statistiques

Statistiques générales
  • Ce quiz a été pris 151 fois
  • Le résultat moyen est 11 sur 15
Statistiques - réponses
Hint Réponse % Correct
Elfe de maison qui vient en aide à Harry Dobby
100%
Insulte lancée par Drago à Hermione Sang-de-{Bourbe}
97%
Jeune fille qui fait sa première rentrée à Poudlard… {Ginny} Weasley
96%
Qui est possédée par le Journal de Tom Jedusor ? Ginny Weasley
94%
Qui détruit le Journal de Tom Jedusor ? {Harry} {Potter}
92%
Qui est le véritable héritier de Salazar Serpentard ? {Tom} Jedusor
88%
Harry découvre qu’il peut parler le… ? Fourchelangue
80%
Sortilège utilisé par Ron, qui se retourne contre lui… Crache-{Limaces}
77%
Harry et Ron font la connaissance d’une Acromentule. Quel est son nom ? Aragog
69%
Quelle potion utilise le Golden Trio pour infiltrer la Salle Commune des Serpentard ? Le Polynectar
61%
Animal pétrifié par le Basilic… Miss Teigne
60%
Nom du nouveau professeur de Défense contre les Forces du Mal… Gilderoy Lockhart
53%
Quel objet apparaît dans la Chambre des Secrets pour aider Harry à se défendre contre le Basilic ? L’Épée de Godric Gryffondor
53%
De quelle manière Harry guérit de ses blessures dans la Chambre des Secrets ? Grâce aux larmes de Fumseck
31%
Mimi Geignarde est morte… Tuée après avoir vu le regard du Basilic
1%
Aucun quiz correspondant
Distribution des résultats
% des personnes avec chaque résultat
Percentile par nombre de réponses
Votre historique - résultats
Vous n’avez pas pris ce quiz